|
|
|
|
| LEADER |
00931nam a2200289 4500 |
| 001 |
DLU090067206 |
| 005 |
##20090407 |
| 040 |
# |
# |
|a DLU
|b eng
|
| 041 |
# |
# |
|a eng
|
| 044 |
# |
# |
|a US
|
| 100 |
# |
# |
|a Classen-Bockhoff, Regine.
|
| 245 |
# |
# |
|a Floral synorganization and secondary pollen presentation in four marantaceae from Costa Rica /
|c Regine Classen-Bockhoff, Ariane Heller.
|
| 653 |
# |
# |
|a Bud development
|
| 653 |
# |
# |
|a Explosive style movement
|
| 653 |
# |
# |
|a Floral diversity
|
| 653 |
# |
# |
|a Hooded staminode
|
| 700 |
# |
# |
|a Heller, Ariane.
|
| 773 |
# |
# |
|t International Journal of Plant Sciences
|g Vol. 169, no. 6 (Jul / August 2008), p. 745-760
|
| 920 |
# |
# |
|a Phòng Tạp chí -- Trung tâm Thông tin - Thư viện Trường Đại học Đà Lạt
|
| 994 |
# |
# |
|a DLU
|
| 900 |
# |
# |
|a True
|
| 911 |
# |
# |
|a Trương Bảo Trâm Anh
|
| 925 |
# |
# |
|a G
|
| 926 |
# |
# |
|a A
|
| 927 |
# |
# |
|a BB
|
| 980 |
# |
# |
|a Thư viện Trường Đại học Đà Lạt
|